Memoria de la guerra de reforma (Record no. 150513)

MARC details
000 -LEADER
campo de control de longitud fija 00677nam a2200181 i 4500
001 - NÚMERO DE CONTROL
campo de control 150513
003 - IDENTIFICADOR DE NÚMERO DE CONTROL
campo de control ES-MaACL
005 - FECHA Y HORA DE LA ÚLTIMA TRANSACCIÓN
campo de control 20230906203540.0
007 - CAMPO FIJO DE DESCRIPCIÓN FÍSICA--INFORMACIÓN GENERAL
campo de control de longitud fija t|
008 - DATOS DE LONGITUD FIJA--INFORMACIÓN GENERAL
campo de control de longitud fija 071031s1913 mx ||||1| spa d
100 1# - ENTRADA PRINCIPAL--NOMBRE DE PERSONA
Nombre de persona Valdés, Manuel.
9 (RLIN) 112511
245 10 - MENCIÓN DEL TÍTULO
Título Memoria de la guerra de reforma
Resto del título : diario del coronel Manuel Valdés /
Mención de responsabilidad, etc. precedido de una introducción por Alberto M. Carreño.
260 ## - PUBLICACIÓN, DISTRIBUCIÓN, ETC.
Lugar de publicación, distribución, etc. México :
Nombre del editor, distribuidor, etc. [s.n.],
Fecha de publicación, distribución, etc. 1913 (
Fabricante Imp. y Fototipia de la Secretaría de Fomento)
300 ## - DESCRIPCIÓN FÍSICA
Extensión XII, 222 p. ;
Dimensiones 23 cm.
500 ## - NOTA GENERAL
Nota general Precede al tít.: Sociedad Mexicana de Geografía y Estadística.
700 1# - ENTRADA AGREGADA--NOMBRE PERSONAL
Nombre de persona Carreño, Alberto María.
9 (RLIN) 35611
852 ## - LOCALIZACIÓN
Ubicación ES-MaACL
Número de control de estantería G-4974
Holdings
Estatus retirado Estado de pérdida Estado de daño No para préstamo Biblioteca de origen Biblioteca actual Ubicación en estantería Fecha de adquisición Fuente de adquisición Total de préstamos Signatura topográfica completa Código de barras Visto por última vez Precio de reemplazo Tipo de ítem Koha
        Biblioteca del Ateneo de Madrid Biblioteca del Ateneo de Madrid Depósito 2 17/01/2008     G-4974 1157058 23/02/2023 23/02/2023 Libro impreso